[Event "Sharjah op rapid"]
[Site "Sharjah"]
[Date "2016.06.12"]
[Round "1"]
[White "El Taher, Fouad"]
[Black "Sindarov, Khumoyun"]
[Result "1-0"]
[WhiteElo "2483"]
[BlackElo "1299"]
[PlyCount "103"]
[EventDate "2016.06.12"]
[EventType "swiss (rapid)"]
[EventRounds "9"]
[EventCountry "UAE"]
[SourceTitle "CBM 173 Extra"]
[Source "ChessBase"]
[SourceDate "2016.08.29"]
[SourceVersion "1"]
[SourceVersionDate "2016.08.29"]
[SourceQuality "1"]

1. e4 c5 2. Nf3 Nc6 3. d4 cxd4 4. Nxd4 e5 5. Nb5 d6 6. c4 Nf6 7. N1c3 a6 8. Na3 Be7 9. Bd3 0-0 10. 0-0 Qb6 11. Nc2 Bg4 12. Qe1 Qc7 13. Bg5 h6 14. Be3 Nd7 15. Nd5 Qd8 16. f3 Be6 17. Rc1 f5 18. exf5 Bxf5 19. Bxf5 Rxf5 20. Rd1 Rh5 21. g4 Rh3 22. Kg2 Bh4 23. Qe2 Rxh2+ 24. Kxh2 Nf6 25. Bb6 Qd7 26. Nce3 Rf8 27. Nf5 Bg5 28. Be3 Nxd5 29. Rxd5 Ne7 30. Rxd6 Qc7 31. Bb6 Qb8 32. Nxe7+ Bxe7 33. Rd7 e4+ 34. Kg2 Bh4 35. f4 Rxf4 36. Bc7 Qc8 37. Bxf4 Qxd7 38. Bg3 Bg5 39. Qxe4 b5 40. Qd5+ Qxd5+ 41. cxd5 Bf6 42. b3 Kf7 43. Re1 Bc3 44. Re2 Ba5 45. Bb8 Kf6 46. d6 Kg5 47. Bc7 Bxc7 48. dxc7 Kxg4 49. c8Q+ Kf4 50. Qe6 h5 51. Qe5+ Kg4 52. Re4# 1-0